000 00767nam a2200241 i 4500
003 DO-SdBNP
005 20230911145034.0
006 a||||gr|||| 00| 0
007 ta
008 230911e1960 dr a|||| |||| 00| m spa d
040 _aDO-SdBNP
_bspa
_cBNPHU
_erda
082 4 _222
_bG914m
245 1 0 _aMariposas. /
_cMelania Guareño Marte
246 1 4 _aMariposas:
_blibro de lectura para el primer grado.
264 1 _aSantiago de los Caballeros, República Dominicana :
_bComercial, C. por A.,
_c1960
300 _a127 páginas ;
_c21 cm.
336 _2rdacontent
_atexto
_btxt
337 _2rdamedia
_asin mediación
_bn
338 _2rdacarrier
_avolumen
_bnc
590 _aInventariado 2023 / MF
700 1 _aGuzmán, Héctor,
_eeditor
_973578
942 _2ddc
_cLBS1
999 _c54684
_d54684